Normale Ansicht MARC-Ansicht ISBD

Nasledie Ariadny Vladimirovny Tyrkovoj : (Titelsatznr. 34201)

[ MARC ]
MARC-Details
000 -Satzkennung
Kontrollfeld mit fester Länge 00774nam a22002651c 4500
001 - Kontrollnummer
Kontrollfeld a987675786
008 - Feld mit fester Länge zur physischen Beschreibung - Allgemeine Angaben
Kontrollfeld mit fester Länge 160225s2012 gw |||| 000u rus d
020 ## - Internationale Standardbuchnummer
Internationale Standardbuchnummer 9785824317336
Verknüpfung 978-5-8243-1733-6
041 ## - Sprachcode
Sprachcode des Textes/der Tonspur oder des separaten Titels rus
040 ## - Katalogisierungsquelle
Übertragungsstelle RU-10907106
003 - Kontrollnummer Identifier
Kontrollfeld RU-10907106
100 1# - Haupteintragung - Personenname
Personenname Tyrkova, Ariadna V.
245 00 - Titel
Titel Nasledie Ariadny Vladimirovny Tyrkovoj :
Zusatz zum Titel dnevniki, pis'ma
264 ## - Produktion, Veröffentlichung, Distribution, Herstellung und Urheberrechtsvermerk
Herstellungs-, Veröffentlichungs- Vertriebs-, Erzeugungsort Moskva :
Produzent, Herausgeber, Distributor, Hersteller ROSSPEN,
Datum der Herstellung, der Veröffentlichung, des Vertriebs oder des Urheberschutzvermerks 2012
300 ## - Physische Beschreibung
Umfang 1100 S.
600 #0 - Nebeneintragung unter einem Schlagwort - Personenname
Personenname Tyrkova-Williams, Ariadna
650 #0 - Nebeneintragung unter einem Schlagwort - Sachschlagwort
Sachschlagwort oder geografischer Name als Eintragungselement Exil
651 #0 - Nebeneintragung unter einem Schlagwort - Geografischer Name
Geografischer Name Russland
651 #0 - Nebeneintragung unter einem Schlagwort - Geografischer Name
Geografischer Name Sowjetunion
655 #0 - Indexierungsterm - Genre/Form
Genre/Form oder fokussierter Term Briefsammlung
700 1# - Nebeneintragung - Personenname
Personenname Kaniščeva, N. I.
Funktionsbezeichnung HerausgeberIn
710 2# - Nebeneintragung - Körperschaftsname
Körperschafts- oder Gebietskörperschaftsname als Eintragungselement Gosudarstvennyj archiv Rossijskoj Federacii
710 2# - Nebeneintragung - Körperschaftsname
Körperschafts- oder Gebietskörperschaftsname als Eintragungselement Rossijskij gos. archiv social'no-političeskoj istorii
942 ## - Zusätzliche Felder (Koha)
Koha-Medientyp Monographien
Exemplare
Ausgeschieden Verloren Klassifikation oder Aufstellungssystematik Beschädigt Nicht entleihbar Heimatbibliothek Aufenthaltsbibliothek Aufstellungsort Erwerbungsdatum Inventarnummer Signatur Barcode Letzte Aktivität Preis gültig von Koha-Medientyp
    Andere/Generische Klassifikation     MWN Osteuropa MWN Osteuropa Magazin - 2 25/02/2016 16-00635 Ersatzß R 60 v Tyr E004015079099F1A 23/02/2021 22/03/2021 Monographien